[Event "Olympiad Women 2024"]
[Site "Budapest HUN"]
[Date "2024.09.11"]
[Round "1.55"]
[Board "4"]
[White "Durrfeld, Sofie Bech"]
[Black "Clement, Ciel Desiree"]
[Result "1-0"]
[WhiteElo "1937"]
[BlackElo "1460"]
[PlyCount "113"]
[EventDate "2024.09.11"]
[WhiteTeam "Denmark"]
[BlackTeam "Guyana"]
[WhiteTeamCountry "DEN"]
[BlackTeamCountry "GUY"]

1. e4 c5 2. Nc3 e6 3. Nge2 Nc6 4. g3 Nf6 5. Bg2 Be7 6. O-O O-O 7. f4 d6 8. d3 Nd4 9. Nxd4 ({RR} 9. h3 Nxe2+ 10. Nxe2 d5 11. e5 Nd7 12. g4 Rb8 13. Ng3 b5 14. Qe2 Qc7 15. Bd2 Bb7 16. Rae1 Bh4 17. Kh2 Rfe8 18. g5 Nf8 19. Qg4 Ng6 20. Re2 Bxg3+ 21. Qxg3 Ne7 22. h4 Nf5 23. Qg4 d4 {1-0 Montague,O-Halldorsson,K (1809) Reykjavik Open 2023 (7.146)}) 9... cxd4 10. Ne2 Qb6 11. h3 Qc5 $146 ({RR} 11... Bd7 12. Kh1 Rac8 13. c3 dxc3 14. Nxc3 g6 15. g4 Bc6 16. Qe2 Qa6 17. Bd2 b5 18. a3 Qb7 19. Qf2 Nd7 20. f5 exf5 21. gxf5 Bf6 22. Qg3 a5 23. h4 b4 24. axb4 axb4 25. Na2 Bxb2 26. Nxb4 {1-0 Shamkovich,L-Tukmakov,V Sochi GM vs Young Masters 1970}) 12. g4 h6 13. Ng3 Bd7 14. Rf2 Bc6 15. f5 e5 16. g5 hxg5 17. Bxg5 d5 18. Bxf6 Bxf6 19. Nh5 Bg5 20. Qg4 f6 21. h4 Bh6 22. Kh2 Rac8 23. Rg1 Rc7 24. Bf3 Be3 25. Nxg7 Qe7 26. Ne6+ Kh8 27. Qh5+ Qh7 28. Qxh7+ Rxh7 29. Nxf8 Bxf2 30. Nxh7 Bxg1+ 31. Kxg1 dxe4 32. Nxf6 exf3 33. Kf2 Kg7 34. Ne4 Bd7 35. f6+ Kg6 36. h5+ Kf7 37. Kxf3 Bc6 38. Kg4 Bxe4 39. dxe4 Kxf6 40. h6 Kg6 41. h7 Kxh7 42. Kf5 Kg7 43. Kxe5 Kf7 44. Kxd4 Ke7 45. Kd5 Kd7 46. c4 b6 47. b4 a6 48. c5 b5 49. c6+ Kc7 50. e5 Kd8 51. Kd6 Kc8 52. e6 Kd8 53. c7+ Kc8 54. e7 Kb7 55. e8=Q a5 56. Qb8+ Ka6 57. c8=B# 1-0

[Event "Olympiad Women 2024"]
[Site "Budapest HUN"]
[Date "2024.09.11"]
[Round "1.56"]
[Board "1"]
[White "Maksimovic, Masa"]
[Black "Ahmed, Najla"]
[Result "1-0"]
[WhiteElo "2093"]
[BlackElo "1539"]
[PlyCount "85"]
[EventDate "2024.09.11"]
[WhiteTeam "Bosnia & Herzegovina"]
[BlackTeam "Bahrain"]
[WhiteTeamCountry "BIH"]
[BlackTeamCountry "BHN"]

1. e4 c6 2. d4 d5 3. Nc3 dxe4 4. Nxe4 Nf6 5. Nxf6+ exf6 6. c3 Bd6 7. Bd3 O-O 8. Qc2 Re8+ 9. Ne2 h5 10. O-O Nd7 11. Bd2 Nf8 12. c4 h4 13. h3 Bd7 14. Rae1 Rc8 ({RR} 14... Qc8 15. Nf4 b5 16. b3 bxc4 17. bxc4 c5 18. d5 Qc7 19. Qc1 Re5 20. Rxe5 Bxe5 21. Ne2 f5 22. Kh1 Re8 23. Ng1 Ng6 24. Re1 Qc8 25. Qa3 Bd4 26. Rxe8+ Qxe8 27. f4 Be3 28. Bxe3 Qxe3 29. Qxa7 {½-½ Theodorou,N (2619)-Anton Guijarro,D (2668) 24th European Teams 2023 (4.8)}) 15. b4 Bb8 $146 ({RR} 15... b5 16. c5 Bb8 17. d5 cxd5 18. Nd4 a6 19. a4 a5 20. axb5 axb4 21. c6 Qc7 22. Nf3 Be6 23. Bxb4 g6 24. Ra1 Nh7 25. Bd2 Ng5 26. Bxg5 fxg5 27. Rfb1 g4 28. b6 Qf4 29. hxg4 Qxg4 30. c7 {1-0 Poliakova,V (1973)-Babiy,O (2303) Swiss Queens Wed #3 2024 (2.115)}) 16. Qd1 Ng6 17. Qc2 Qc7 18. f4 Nf8 19. Qb1 Rcd8 20. Nc3 Bc8 21. d5 a6 22. a3 Ba7+ 23. c5 cxd5 24. Rxe8 Rxe8 25. Nxd5 Qd8 26. Bc4 Be6 27. Qb3 Qd7 28. Be1 Rd8 29. Ne3 b6 30. f5 Bxc4 31. Qxc4 Qc7 32. Bf2 bxc5 33. Rc1 Rd4 34. Qxd4 cxd4 35. Rxc7 dxe3 36. Rxa7 exf2+ 37. Kxf2 g6 38. Rxa6 Kg7 39. b5 Nd7 40. b6 gxf5 41. b7 Kg6 42. Rd6 Nb8 43. Rd8 1-0

[Event "Olympiad Women 2024"]
[Site "Budapest HUN"]
[Date "2024.09.11"]
[Round "1.56"]
[Board "2"]
[White "Almusawi, Maram"]
[Black "Babic, Milana"]
[Result "0-1"]
[WhiteElo "1510"]
[BlackElo "2080"]
[PlyCount "66"]
[EventDate "2024.09.11"]
[WhiteTeam "Bahrain"]
[BlackTeam "Bosnia & Herzegovina"]
[WhiteTeamCountry "BHN"]
[BlackTeamCountry "BIH"]

1. d4 Nf6 2. c4 b6 3. Nc3 Bb7 4. Bg5 e6 5. e3 Be7 6. Nf3 h6 7. Bh4 O-O 8. Bd3 d5 9. O-O dxc4 10. Bxc4 Ne4 11. Bxe7 Qxe7 12. Be2 $146 ({RR} 12. Ne5 Nxc3 13. bxc3 Qg5 14. Qg4 Qxg4 15. Nxg4 Nd7 16. f3 Rac8 17. e4 c5 18. Rac1 Rfd8 19. Kf2 h5 20. Ne3 Nf6 21. Rfd1 cxd4 22. cxd4 Kf8 23. Rc2 g6 24. Ke2 Ke7 25. a4 Rd7 26. a5 Rdc7 {½-½ Novotny,O-Podgorny,J Prague International 1943 (1)}) ({RR} 12. Rc1 Rd8 13. Nxe4 Bxe4 14. Ne5 Nd7 15. Bd3 Bxd3 16. Nc6 Qe8 17. Qxd3 Nc5 18. Rxc5 {½-½ Vyzmanavin,A (2620)-Pigusov,E (2575) Novosibirsk 1993 (3)}) ({RR} 12. Nxe4 Bxe4 13. Rc1 Nd7 14. Ba6 c5 15. Qa4 Bxf3 16. gxf3 Qg5+ 17. Kh1 Qd5 18. e4 Qh5 19. Be2 Rfd8 20. Rfd1 cxd4 21. Rxd4 Ne5 22. Rxd8+ Rxd8 23. Rd1 Rxd1+ 24. Qxd1 Qh3 25. f4 Ng6 26. Qd2 Nh4 {0-1 Bartel,M (2192)-Kiseleva,A (2024) Speed Chess (Women) Q5 blitz 2020 (3)}) ({RR} 12. Rc1 Nd7 13. Nxe4 Bxe4 14. Bb5 Nb8 15. Bd3 Bb7 {½-½ Litmanowicz,W-Szily,J Miedzyzdroje 1952 (11)}) 12... Nxc3 13. bxc3 Nd7 14. Qc2 Rac8 15. Rac1 Rfd8 16. Qa4 a6 17. Rfd1 Nf6 18. Nd2 Rd5 19. Bf3 Ra5 20. Qb4 c5 21. Qb2 Rb5 22. Qa1 Bxf3 23. Nxf3 c4 24. Rb1 Qa3 25. Rxb5 axb5 26. Rb1 Ne4 27. Rxb5 Nxc3 28. Rxb6 Ne2+ 29. Kf1 c3 30. Ne1 c2 31. Nxc2 Rxc2 32. Rb8+ Kh7 33. Qb1 Qd3 0-1

[Event "Olympiad Women 2024"]
[Site "Budapest HUN"]
[Date "2024.09.11"]
[Round "1.56"]
[Board "3"]
[White "Jacimovic, Sara"]
[Black "Sharaf, Hawra"]
[Result "1-0"]
[WhiteElo "1981"]
[BlackElo "1595"]
[PlyCount "53"]
[EventDate "2024.09.11"]
[WhiteTeam "Bosnia & Herzegovina"]
[BlackTeam "Bahrain"]
[WhiteTeamCountry "BIH"]
[BlackTeamCountry "BHN"]

1. d4 d5 2. e3 c6 3. Bd3 Nf6 4. f4 Bg4 5. Nf3 Nbd7 6. Nbd2 e6 7. c3 Be7 ({RR} 7... a6 8. O-O Bd6 9. Qc2 c5 10. h3 Bxf3 11. Nxf3 c4 12. Be2 Ne4 13. Kh2 O-O 14. b3 b5 15. a4 Qc7 16. Bd1 cxb3 17. Qxb3 Qxc3 18. Qxc3 Nxc3 19. Bc2 Rfc8 20. Ng5 g6 21. Nf3 Nb6 22. a5 {0-1 Karaman,D-Kaygun,M ch-TUR w 2024 (5.21)}) 8. O-O O-O 9. Qe1 Rc8 $146 ({RR} 9... Bf5 10. Qe2 Bg4 11. h3 Bh5 12. g4 Bg6 13. Bxg6 hxg6 14. Qd3 Qc7 15. Ne5 Nxe5 16. fxe5 Nh7 17. e4 Ng5 18. exd5 cxd5 19. h4 Ne4 20. Nxe4 dxe4 21. Qxe4 Qc6 22. Qxc6 bxc6 23. g5 c5 24. Be3 {1-0 Freitas,R-De Oliveira,H (2111) Baiano-ch final 2010 (2.3)}) ({RR} 9... Bf5 10. Qe2 Ne4 11. Ne5 Nd6 12. g4 Bxd3 13. Qxd3 Nf6 14. Qe2 Nfe4 15. Rf3 Bh4 16. Rf1 Kh8 17. Nxe4 Nxe4 18. g5 f6 19. gxf6 gxf6 20. Nd3 Rg8+ 21. Kh1 Qf8 22. Bd2 Qh6 23. Rg1 Ng3+ 24. hxg3 {0-1 Colonetti,F (1638)-Merlotti,M (1794) Bratto op-C 35th 2015 (8.3)}) 10. Ne5 Bh5 11. e4 c5 12. Nxd7 Nxd7 13. e5 Bh4 14. Qe3 Bg6 15. Bxg6 fxg6 16. Qh3 Rf5 17. g4 Rf7 18. g5 cxd4 19. cxd4 Bxg5 20. fxg5 Qxg5+ 21. Qg3 Rxf1+ 22. Nxf1 Qf5 23. Bd2 Nb6 24. b3 Rf8 25. Re1 Rc8 26. Bb4 Rc2 27. Ne3 1-0

[Event "Olympiad Women 2024"]
[Site "Budapest HUN"]
[Date "2024.09.11"]
[Round "1.56"]
[Board "4"]
[White "Yaqoob, Wafa"]
[Black "Mahmutbegovic Smajilbasic, Nadina"]
[Result "0-1"]
[WhiteElo "1438"]
[BlackElo "1973"]
[PlyCount "64"]
[EventDate "2024.09.11"]
[WhiteTeam "Bahrain"]
[BlackTeam "Bosnia & Herzegovina"]
[WhiteTeamCountry "BHN"]
[BlackTeamCountry "BIH"]

1. e4 e5 2. Nf3 Nc6 3. Bc4 Bc5 4. c3 Nf6 5. d3 a6 6. Bb3 Ba7 7. O-O d6 8. Nbd2 O-O 9. h3 b5 10. Re1 Ne7 ({RR} 10... Bb7 11. Nf1 d5 12. exd5 Nxd5 13. Bg5 f6 14. Bh4 Kh8 15. Bg3 Qd7 16. Qd2 Rad8 17. Rad1 Rfe8 18. Bc2 Bb6 19. a3 Qf7 20. Bb1 Qh5 21. Bh2 Qf7 22. Bg3 Qh5 23. Bh2 Qf7 {½-½ Koellner,R (2407)-Beerdsen,T (2453) Dortmund NRW Cup U20 2021 (1)}) 11. Nf1 Ng6 12. Ng3 h6 $146 ({RR} 12... Bb7 13. Bg5 h6 14. Bd2 Kh7 15. Nh2 d5 16. Qe2 dxe4 17. dxe4 Nxe4 18. Nxe4 Bxe4 19. Rad1 Bd3 20. Qh5 c5 21. Bxh6 gxh6 22. Rxd3 Qg5 23. Qxg5 hxg5 24. Rd7 c4 25. Bc2 Kg7 26. Be4 Rfd8 27. Red1 {½-½ Hansen,S (2296)-Semcesen,D (2480) DEN-chT 1415 53rd 2014 (2.3)}) 13. d4 c5 14. dxe5 dxe5 15. c4 Qb6 16. cxb5 axb5 17. Be3 Qc7 18. Rc1 Qe7 19. Nf5 Qc7 20. Nd6 Bd7 21. Qd2 c4 22. a4 Bxe3 23. Rxe3 Qb6 24. Ba2 Rxa4 25. Bxc4 bxc4 26. Nxc4 Qe6 27. b3 Ra6 28. Qc3 Rc8 29. Ree1 Rac6 30. Qb2 Nh5 31. Red1 Nhf4 32. Qd2 R6c7 0-1

[Event "Olympiad Women 2024"]
[Site "Budapest HUN"]
[Date "2024.09.11"]
[Round "1.57"]
[Board "1"]
[White "Ebrahim, Zahabiyah"]
[Black "Stojkovska, Monika"]
[Result "0-1"]
[WhiteElo "1475"]
[BlackElo "2043"]
[PlyCount "106"]
[EventDate "2024.09.11"]
[WhiteTeam "Tanzania"]
[BlackTeam "North Macedonia"]
[WhiteTeamCountry "TAN"]

1. d4 Nf6 2. Nf3 b6 3. e3 Bb7 4. Bd3 e6 5. Nbd2 Be7 6. Qe2 c5 $146 ({RR} 6... O-O 7. O-O c5 8. dxc5 bxc5 9. e4 d6 10. Re1 Nc6 11. c3 Nd7 12. Nc4 Nb6 13. Bf4 Nxc4 14. Bxc4 Na5 15. Bd3 Qc7 16. b4 cxb4 17. cxb4 Nc6 18. Rac1 a6 19. a3 Rfc8 20. Red1 Qd7 21. Bc4 {1-0 Eichler,C (2235)-Schulzke,E (2265) BL2-Sued 9798 1997 [7]}) ({RR} 6... d5 7. e4 dxe4 8. Nxe4 O-O 9. O-O Nbd7 10. Neg5 h6 11. Nxe6 Bxf3 12. gxf3 fxe6 13. Qxe6+ Kh8 14. Kh1 Rg8 15. Rg1 Nf8 16. Qc6 Qd5 17. Qxd5 Nxd5 18. c3 Ne6 19. Bf5 Ng5 20. f4 Rgf8 21. fxg5 {0-1 Araujo Filho,L (2077)-Bobomurodova,M (1829) Titled Tue 27th Aug Early 2024 (3)}) ({RR} 6... d6 7. O-O Nbd7 8. e4 O-O 9. c3 Re8 10. e5 Nd5 11. Ne4 Nf8 12. Bb5 c6 13. Bd3 Ng6 14. g3 dxe5 15. Nxe5 Nxe5 16. dxe5 Qc7 17. f4 g6 18. a3 b5 19. h4 a6 20. Be3 c5 21. Bf2 {0-1 Haemmerlein,T (2204)-Tahiri,D (2134) Berlin-ch 2007 (7)}) 7. c3 cxd4 8. exd4 d6 9. O-O Nbd7 10. Re1 a6 11. Ng5 O-O 12. Nde4 Nxe4 13. Nxe4 Re8 14. Be3 Nf8 15. Rad1 f5 16. Ng3 Bg5 17. f4 Bh4 18. Bf2 g6 19. Qe3 b5 20. Re2 Qd7 21. Rde1 Qc6 22. Ne4 Bxf2+ 23. Qxf2 fxe4 24. Bxe4 Qd7 25. Bc2 Bd5 26. a3 Qf7 27. Qg3 Rad8 28. Qg5 Kg7 29. Rf2 Qf6 30. Qg3 Kh8 31. Re3 Re7 32. Qh3 Rf7 33. Qh6 Qg7 34. Qh4 Qf6 35. Qh6 Qg7 36. Qh4 Qf6 37. Qh6 e5 38. dxe5 dxe5 39. Rxe5 Bc4 40. h3 Nd7 41. Re4 Nc5 42. Re5 Nd3 43. Bxd3 Bxd3 44. g4 Bc4 45. Re4 Rd1+ 46. Kh2 Qc6 47. Re5 Qh1+ 48. Kg3 Rd3+ 49. Kh4 Rxh3+ 50. Kg5 Rxh6 51. f5 Qh4+ 52. Kf4 Qxf2+ 53. Kg5 Qd2+ 0-1

[Event "Olympiad Women 2024"]
[Site "Budapest HUN"]
[Date "2024.09.11"]
[Round "1.57"]
[Board "2"]
[White "Manova, Ivana"]
[Black "Mahi R. Shah"]
[Result "1-0"]
[WhiteElo "2031"]
[BlackElo "1602"]
[PlyCount "69"]
[EventDate "2024.09.11"]
[WhiteTeam "North Macedonia"]
[BlackTeam "Tanzania"]
[BlackTeamCountry "TAN"]

1. e4 e6 2. d4 d5 3. e5 c5 4. c3 Nc6 5. Nf3 Qb6 6. Be2 Nge7 7. dxc5 Qxc5 8. b4 Qb6 9. Bf4 ({RR} 9. b5 Na5 10. O-O Nf5 11. Bd3 Bc5 12. Nbd2 O-O 13. Nb3 Nxb3 14. axb3 Qd8 15. Qe2 Bd7 16. Ba3 Qe7 17. Bxc5 Qxc5 18. c4 dxc4 19. bxc4 a5 20. Be4 Rfb8 21. Rfd1 Be8 22. Qc2 h6 23. Rd2 Ne7 {0-1 Moussard,J (2680)-Sjugirov,S (2712) Titled Tue 21st Mar Late 2023 (5)}) 9... Ng6 10. Bg3 a6 11. Qd3 $146 ({RR} 11. O-O Qc7 12. Re1 Bd7 13. Bd3 Be7 14. h4 Bd8 15. h5 Nge7 16. a4 Qb8 17. Na3 Na7 18. c4 dxc4 19. Nxc4 Nac8 20. Ng5 h6 21. Ne4 Bc7 22. Qg4 Kf8 23. Ned6 Bxd6 24. exd6 Nd5 25. Ne5 Nf6 {1-0 Blazek,J (2008)-Vojtek,P (1511) Ceske Budejovice op 2021 (5)}) 11... Bd7 12. O-O Qc7 13. Qe3 Be7 14. Nbd2 Qd8 15. a3 f6 16. c4 Ncxe5 17. Bxe5 fxe5 18. cxd5 Bf6 19. dxe6 Bxe6 20. Nc4 Bxc4 21. Bxc4 Qe7 22. Rad1 Rc8 23. Qe4 b5 24. Bd5 Rc7 25. Ba2 Nf4 26. Qa8+ Qd8 27. Rxd8+ Bxd8 28. Qe4 Ng6 29. Nxe5 Re7 30. Qc6+ Kf8 31. Nd7+ Ke8 32. Nc5+ Kf8 33. Rd1 Re8 34. Qd6+ Be7 35. Nd7# 1-0

[Event "Olympiad Women 2024"]
[Site "Budapest HUN"]
[Date "2024.09.11"]
[Round "1.57"]
[Board "3"]
[White "Anahi Rishit Shah"]
[Black "Zhezhovska, Monika"]
[Result "0-1"]
[WhiteElo "1513"]
[BlackElo "2106"]
[PlyCount "132"]
[EventDate "2024.09.11"]
[WhiteTeam "Tanzania"]
[BlackTeam "North Macedonia"]
[WhiteTeamCountry "TAN"]

1. e4 c5 2. Nf3 Nc6 3. d4 cxd4 4. Nxd4 Nf6 5. Nc3 d6 6. Bb5 Bd7 7. O-O g6 8. Re1 Bg7 9. Be3 ({RR} 9. Nb3 O-O 10. Bg5 h6 11. Bh4 Rc8 12. Qd2 g5 13. Bg3 Nh5 14. Bxc6 bxc6 15. Nd1 c5 16. c3 Bc6 17. Qe2 Nxg3 18. hxg3 Rb8 19. Nd2 e6 20. Rc1 Re8 21. b3 Bb5 22. c4 Bc6 23. Ne3 Qf6 {0-1 Roy Chowdhury,S (2436)-Mchedlishvili,M (2613) Kolkata op 4th 2009 (3)}) ({RR} 9. Bf4 e5 10. Nxc6 bxc6 11. Qxd6 exf4 12. Nd5 cxb5 13. Nc7+ Qxc7 14. Qxc7 Rc8 15. Qxa7 Be6 16. Rad1 O-O 17. e5 Ng4 18. a4 Ra8 19. Qc7 Rxa4 20. Rd8 Rc4 21. Rxf8+ Bxf8 22. Qb8 b4 23. h3 Rc8 {0-1 Ruiz Espinola,O (1163)-Aguirre,E (1682) I CIT Open 2023 (4.34)}) 9... O-O 10. h3 Qc7 11. Qd2 Rfc8 $146 ({RR} 11... Rfe8 12. Nxc6 bxc6 13. Bd3 Qc8 14. Bf1 Rd8 15. Bh6 Bh8 16. Qe3 d5 17. exd5 Nxd5 18. Nxd5 cxd5 19. c3 e5 20. Qg3 Re8 21. Rad1 Bc6 22. h4 Qf5 23. Be2 e4 24. Bg4 Be5 25. Qh3 Qf6 26. Bg5 {1-0 Figueiredo,J (1194)-Lopes,P (1562) Gaia Profigaia op 18th 2018 (5)}) 12. Nxc6 Bxc6 13. Bxc6 bxc6 14. Bh6 Bh8 15. Bf4 Rd8 16. Qe3 Nd7 17. Rab1 Rab8 18. Qd3 Ne5 19. Bxe5 Bxe5 20. Qe3 Qb6 21. Qd2 Rd7 22. Na4 Qa6 23. b3 Rbd8 24. c4 c5 25. Qe3 Qa5 26. Red1 Bd4 27. Qe2 Rb7 28. Kh1 Rdb8 29. f4 Qc7 30. Qg4 Kh8 31. f5 Rg8 32. Qf3 f6 33. Nb2 Rbb8 34. Nd3 g5 35. Qg3 Qa5 36. a4 Qc3 37. Rdc1 Qd2 38. Ne1 Be5 39. Qg4 Qe3 40. Nc2 Qd2 41. Ne1 Rxb3 42. Rd1 Rxb1 43. Rxb1 Bd4 44. Rd1 Qa2 45. Nf3 Qxc4 46. a5 Qa4 47. Nd2 Qxa5 48. Nb3 Qc3 49. Nd2 a5 50. Nb1 Qc2 51. Na3 Qb3 52. Nb1 a4 53. Nd2 Qa2 54. Qf3 a3 55. Nb1 Bb2 56. Qd3 c4 57. Nc3 Qb3 58. Qd4 Bxc3 59. Qa7 Qxd1+ 60. Kh2 Be5+ 61. g3 Qe2+ 62. Kg1 Bxg3 63. e5 a2 64. exd6 a1=Q+ 65. Qxa1 Qf2+ 66. Kh1 Qh2# 0-1

[Event "Olympiad Women 2024"]
[Site "Budapest HUN"]
[Date "2024.09.11"]
[Round "1.57"]
[Board "4"]
[White "Trajkovska, Sanja"]
[Black "Bertha Samson Mkude"]
[Result "1-0"]
[WhiteElo "1921"]
[BlackElo "1459"]
[PlyCount "67"]
[EventDate "2024.09.11"]
[WhiteTeam "North Macedonia"]
[BlackTeam "Tanzania"]
[BlackTeamCountry "TAN"]

1. e4 e5 2. Nc3 Nc6 3. Bc4 Bc5 4. d3 d6 5. Nge2 h6 6. Na4 Bb6 7. Nxb6 axb6 8. a3 Nf6 9. Ng3 $146 ({RR} 9. O-O O-O 10. c3 Be6 11. Bxe6 fxe6 12. Ng3 Ne7 13. Re1 c5 14. Qb3 Qd7 15. Qxb6 Ng6 16. Qb3 Qf7 17. f3 Ng4 18. Rf1 Nf6 19. Be3 Nh4 20. Bf2 Qg6 21. Qxe6+ Kh7 22. Qh3 Qg5 23. Rae1 Rf7 {1-0 Iordanidou,Z-Papadea,K GRE-ch U12 Girls 2004 (1)}) 9... Bg4 10. f3 Bd7 11. O-O Na5 12. Ba2 Qe7 13. Nf5 Bxf5 14. exf5 Nc6 15. f4 O-O 16. fxe5 Nxe5 17. d4 Ned7 18. Re1 Qd8 19. Qf3 c6 20. Qg3 Nh5 21. Qh3 Nhf6 22. Qg3 g5 23. fxg6 d5 24. Bxh6 Ne8 25. gxf7+ Kxf7 26. Bxf8 Kxf8 27. Rf1+ Nef6 28. c4 Ra5 29. b4 Ra8 30. cxd5 cxd5 31. Bxd5 b5 32. Qg8+ Ke7 33. Qe6+ Kf8 34. Qf7# 1-0

[Event "Olympiad Women 2024"]
[Site "Budapest HUN"]
[Date "2024.09.11"]
[Round "1.58"]
[Board "1"]
[White "Zvereva, Marija"]
[Black "Swaminathan, Laia"]
[Result "1-0"]
[WhiteElo "2035"]
[BlackElo "1620"]
[PlyCount "69"]
[EventDate "2024.09.11"]
[WhiteTeam "Monaco"]
[BlackTeam "Cayman Islands"]
[WhiteTeamCountry "MNC"]
[BlackTeamCountry "CAY"]

1. e4 e5 2. Nf3 Nc6 3. d4 exd4 4. Nxd4 Bc5 5. Nb3 Bb6 6. Nc3 Nge7 7. Qe2 O-O 8. Bg5 f6 9. Be3 ({RR} 9. Bd2 d6 10. O-O-O Be6 11. Kb1 a5 12. f4 a4 13. Nc1 f5 14. g4 Nd4 15. Qg2 fxe4 16. f5 Bf7 17. f6 gxf6 18. Nxe4 Bg6 19. Bd3 d5 20. Ng3 Kh8 21. Nh5 Qd6 22. Rhf1 Bxh5 23. gxh5 Rg8 {½-½ Ni,H (2662)-Ponomariov,R (2764) FIDE World Cup 2011 (2.6)}) ({RR} 9. Bh4 d6 10. O-O-O Be6 11. f4 a5 12. a3 a4 13. Nd2 Ba5 14. Qd3 Qe8 15. Nc4 Qf7 16. Nxa5 Nxa5 17. Nb5 Nec6 18. Qc3 Bc4 19. Nxc7 Rac8 20. Nd5 Bxd5 21. Rxd5 Nb3+ 22. cxb3 Nb4 23. axb4 Rxc3+ {0-1 Darmanin,J (2102)-Kalyani Sirin (2163) Titled Tue 28th May Early 2024 (6)}) 9... Re8 $146 ({RR} 9... f5 10. O-O-O f4 11. Bd2 d6 12. f3 Be6 13. g3 Ng6 14. Qg2 Nce5 15. h4 fxg3 16. Bg5 Qe8 17. Be2 Nf4 18. Bxf4 Rxf4 19. Qxg3 Qf7 20. Nd5 Bxd5 21. Rxd5 Rf8 22. Rf1 Be3+ 23. Kb1 Rxe4 24. Rdd1 {0-1 Petrov,D (2162)-Morozov,N (2263) EU-chT U18 Karpacz 2015 (5.19)}) ({RR} 9... f5 10. O-O-O d6 11. h4 f4 12. Bxb6 axb6 13. h5 h6 14. g3 fxg3 15. fxg3 Ne5 16. Bh3 Bxh3 17. Rxh3 N7c6 18. Kb1 Qg5 19. Nd5 Rf7 20. Nf4 Re8 21. a3 Qg4 22. Qxg4 Nxg4 23. Re1 Nf2 24. Rh2 {0-1 Kravec,P (2058)-Zhurov,S (2297) Pardubice Czech op-A 28th 2017 (6)}) 10. O-O-O Bxe3+ 11. Qxe3 Ng6 12. Bc4+ Kf8 13. f4 d6 14. Qf3 Be6 15. Bxe6 Rxe6 16. h4 Qe8 17. h5 Nh8 18. h6 g6 19. Nd5 Qf7 20. f5 gxf5 21. exf5 Re5 22. Rh3 Ne7 23. Nxe7 Qxe7 24. Rg3 Nf7 25. Rg7 Re1 26. Nd4 Re8 27. Ne6+ Rxe6 28. fxe6 Qxe6 29. Rf1 Qxa2 30. Qxf6 Qa1+ 31. Kd2 Qa5+ 32. c3 Qd5+ 33. Kc1 Re7 34. Rg8+ Kxg8 35. Qg7# 1-0

[Event "Olympiad Women 2024"]
[Site "Budapest HUN"]
[Date "2024.09.11"]
[Round "1.58"]
[Board "3"]
[White "Berezovska, Svetlana"]
[Black "Majid, Zara"]
[Result "1-0"]
[WhiteElo "1869"]
[BlackElo "1411"]
[PlyCount "77"]
[EventDate "2024.09.11"]
[WhiteTeam "Monaco"]
[BlackTeam "Cayman Islands"]
[WhiteTeamCountry "MNC"]
[BlackTeamCountry "CAY"]

1. e4 d6 2. d4 Nf6 3. Nc3 g6 4. Nf3 Bg7 5. Bc4 O-O 6. O-O Nxe4 7. Nxe4 d5 8. Bd3 dxe4 9. Bxe4 Nd7 10. c3 Nf6 11. Bc2 b6 12. Re1 ({RR} 12. Ne5 Bb7 13. Qe2 Qd5 14. f3 Nd7 15. Bb3 Qd6 16. Bf4 Nxe5 17. Bxe5 Bxe5 18. dxe5 Qc5+ 19. Kh1 e6 20. Rfd1 Rad8 21. f4 Kg7 22. h3 h5 23. Kh2 a5 24. a4 Qc6 25. Rd2 Rxd2 26. Qxd2 Rd8 {0-1 Shakirov,M (2166)-Romero Ruscalleda,J (2153) Titled Tue 30th Apr Late 2024 (9)}) 12... h6 $146 ({RR} 12... Bb7 13. Qe2 Re8 14. Ne5 Qd6 15. Bb3 e6 16. h3 a6 17. Bf4 Qe7 18. Bg5 Qd6 19. Bf4 Nh5 20. Bh2 Qe7 21. Qg4 Nf6 22. Qh4 Rad8 23. Rad1 Nd7 24. Qxe7 Rxe7 25. Ng4 Nf6 26. Nxf6+ Bxf6 27. Be5 {½-½ Rozgonyi,A (2125)-Szabo,Z (2370) HUN-chT 9697 1996 (14)}) ({RR} 12... Bb7 13. Bg5 e6 14. Qe2 a5 15. Rad1 a4 16. c4 h6 17. Bh4 Qd6 18. Ne5 Nd7 19. f4 Nxe5 20. fxe5 Qb4 21. Bd3 a3 22. b3 b5 23. Rc1 g5 24. Bf2 bxc4 25. Rxc4 Qe7 26. Rec1 Rfc8 27. Be4 {½-½ Schoppen,C (2440)-Vitiugov,N (2728) EU-Cup 33rd Antalya 2017 (5.4)}) ({RR} 12... Bb7 13. Qe2 e6 14. Ng5 h6 15. Ne4 Nd5 16. Bd2 a5 17. Rac1 Qh4 18. Ng3 Nf4 19. Bxf4 Qxf4 20. Be4 Ba6 21. Qe3 Qxe3 22. Rxe3 Rad8 23. Rce1 f5 24. Bd3 f4 25. Bxa6 fxe3 26. Rxe3 Rfe8 27. Bc4 {0-1 Elsaesser,T (1920)-Vinot,S (2185) FRA-chT2O 0203 2002 (10.8)}) 13. Qe2 e6 14. Bf4 Nd5 15. Be5 Bxe5 16. dxe5 Bb7 17. Be4 Nf4 18. Qe3 Bxe4 19. Qxe4 Nd5 20. Rad1 Qe8 21. Rd3 c5 22. Qh4 Kg7 23. Red1 Qe7 24. Qg3 Rad8 25. h4 Nc7 26. h5 Rxd3 27. Rxd3 g5 28. Nd2 Nd5 29. Ne4 Nf4 30. Re3 Nxh5 31. Qg4 Nf4 32. Nf6 Qd8 33. g3 Nd5 34. Nh5+ Kg6 35. Qe4+ f5 36. exf6+ Kf7 37. Qxe6+ Kg6 38. Qe4+ Kf7 39. Qh7# 1-0

[Event "Olympiad Women 2024"]
[Site "Budapest HUN"]
[Date "2024.09.11"]
[Round "1.58"]
[Board "4"]
[White "Patil, Anvita Niranjan"]
[Black "Dubois, Martine"]
[Result "0-1"]
[WhiteElo "1589"]
[BlackElo "1816"]
[PlyCount "64"]
[EventDate "2024.09.11"]
[WhiteTeam "Cayman Islands"]
[BlackTeam "Monaco"]
[WhiteTeamCountry "CAY"]
[BlackTeamCountry "MNC"]

1. e4 c6 2. d4 d5 3. exd5 cxd5 4. c3 Nc6 ({RR} 4... Qc7 5. Qb3 Nf6 6. Bg5 e6 7. Nd2 Nc6 8. Bd3 Bd6 9. Ngf3 Nh5 10. O-O-O Nf4 11. Bxf4 Bxf4 12. g3 Bd6 {½-½ Cerveny,P (2403)-Hermansson,E (2472) Marianske Lazne GM-A1 2008 (6)}) 5. Be3 ({RR} 5. f4 Nf6 6. Nf3 Bg4 7. Bd3 Bxf3 8. Qxf3 Rc8 9. O-O e6 10. Qe2 Bd6 11. f5 Qe7 12. fxe6 Qxe6 13. Qf3 Ne4 14. Nd2 O-O 15. Nxe4 dxe4 16. Bxe4 Rce8 17. Bd3 Qd7 18. Qh5 g6 19. Qh6 Qe6 {1-0 Dhingra,K (1609)-Leung,H (1887) British Rapidplay 2024 (10.57)}) 5... Nf6 6. Nd2 e6 $146 ({RR} 6... Bf5 7. Ngf3 a6 8. h3 e6 9. Nb3 Ne4 10. Bd3 Bd6 11. Bxe4 Bxe4 12. Nc5 Bxc5 13. dxc5 e5 14. Nd2 Bd3 15. Nb3 Bc4 16. Qg4 O-O 17. O-O-O f5 18. Qg5 f4 19. Qxd8 Raxd8 20. Bd2 a5 21. Kb1 {0-1 Moreno Gomez,M (1539)-Fiesco Hoyos,J (1771) COL Intercollegiate-ch U18 2019 (6)}) 7. Ngf3 Bd6 8. Be2 O-O 9. O-O h6 10. Re1 Ng4 11. Nf1 f5 12. Bd2 Ne7 13. h3 Nf6 14. Qc2 Ne4 15. c4 Bd7 16. c5 Bc7 17. Bb4 Nc6 18. Ba3 Qf6 19. Rad1 Ba5 20. Ne5 Bxe1 21. Nxd7 Bxf2+ 22. Kh1 Qh4 23. Nxf8 Rxf8 24. Qd3 Bxd4 25. b4 Nf2+ 26. Kh2 Nxd3 27. Rxd3 Qf2 28. Rd2 Qg1+ 29. Kg3 f4+ 30. Kg4 Qxg2+ 31. Ng3 Qxg3+ 32. Kh5 Qg5# 0-1